| 000 | 00602cam a22002053a 4500 | ||
|---|---|---|---|
| 001 | 44769 | ||
| 003 | PGUSA | ||
| 005 | 20140828084025.0 | ||
| 008 | 140127s2014||||xxu|||||s|||||000 | eng d | ||
| 040 |
_aPGUSA _beng |
||
| 042 | _adc | ||
| 100 | 1 | _aEast, Timothy | |
| 245 | 1 | 4 |
_aThe Sheepfold and the Common, Vol. II (of 2) : _bWithin and Without _h[electronic resource] / _cTimothy East |
| 260 |
_bProject Gutenberg, _c2014 |
||
| 506 | _aPublic domain in the USA. | ||
| 516 | _aElectronic text | ||
| 830 | 0 |
_aProject Gutenberg _v44769 |
|
| 856 | 4 | 0 | _uhttp://www.gutenberg.org/ebooks/44769 |
| 942 | _cEB | ||
| 999 |
_c274020 _d274020 |
||